Oracle9i Web development
Αποθηκεύτηκε σε:
| Κύριος συγγραφέας: | |
|---|---|
| Μορφή: | Βιβλίο |
| Γλώσσα: | English |
| Δημοσίευση: |
New York :
Osborne/McGraw-Hill,
c2001
|
| Θέματα: | |
| Ετικέτες: |
Προσθήκη ετικέτας
Δεν υπάρχουν, Καταχωρήστε ετικέτα πρώτοι!
|
MARC
| LEADER | 00000nam a2200000 i 4500 | ||
|---|---|---|---|
| 001 | 1/45386 | ||
| 008 | 031126s2001 eng d | ||
| 020 | |a 0-07-219388-3 | ||
| 035 | |l 10071715 | ||
| 040 | |a GR-MY-UA |b gre |e aacr | ||
| 041 | 0 | |a eng | |
| 082 | 0 | |a 005.758 |2 (21) | |
| 100 | 1 | |a Brown, Brandley D. | |
| 245 | 1 | 0 | |a Oracle9i Web development / |c Bradley D. Brown |
| 260 | |a New York : |b Osborne/McGraw-Hill, |c c2001 | ||
| 300 | |a lx, 1119 σ.; |b εικ.; |c 23 εκ. | ||
| 504 | |a Περιέχει ευρετήριο | ||
| 630 | 0 | 0 | |a Oracle (Computer file) |
| 650 | 0 | 0 | |a Computer software |x Development. |
| 650 | 0 | 0 | |a World Wide Web. |
| 852 | |a INST |b LESVOS |e 20031126 |h 005.758 BRO |p 005100026752 |q 005100026752 |t BK |y 0 | ||
| 901 | |a BIBL1-2003-3 | ||
| 909 | |a Λ |b 106993 | ||
| 922 | |a 1ΕΛΗ |b 200311 |c ΤΑΚ/ΚΥΒ |d LEADER | ||
| 950 | |a 023-2003-06-11 | ||
| 970 | |a ΤΖΑΦΕΡΗ |b ΕΥΑΓΓΕΛΙΑ |z 2003/11/26 | ||